01469nam a2200253 i 4500001000800000005001700008008004100025010001700066040001800083050001600101082001500117100003200132245010100164260005500265300003800320490004100358505052000399650003300919700004900952906004501001942002401046999001901070952012601089127140020221121141223.0760305s1976 maua 001 0 eng  a 75012094  aDLCcDLCdDLC00aQA371b.D4300a515.35,DER1 aDerrick, William R.910328510aElementary differential equations with applications / cWilliam R. Derrick, Stanley I. Grossman. aReading, Mass. :bAddison-Wesley Pub. Co.,cc1976. ax, 537, [60] p. :bill. ;c24 cm.0 aAddison-Wesley series in mathematics aIntroduciton (Page-1), First Order equations (Page-20), Linear second order differential equations (Page-72), Linear Second order differntial equations (Page-128), Power series solutions of differential equations (Page-160), Laplace Transforms (Page-214), Elementary of Differential equations (Page-256), Numerical Method (Page-338), Fourier series and boundary value problems (Page-370), Partial differential equations (Page-424), The existence of solutions (Page-470), Nonliear equations and stability (Page-492). 0aDifferential equations.96881 aGrossman, Stanley I.,ejoint author.9103020 a7bcbccorignewd2eocipf19gy-gencatlg 2ddccBKk515.35,DER c592456d592456 00102ddc4070aMCSbMCScGENd2022-11-21l0o515.35,DERpMCS7481r2022-11-21w2022-11-21yBKzAlmirah No.13, Shelf No.4